[Event "GER-ch U18 sf Berlin Online"]
[Site "Playchess.com INT"]
[Date "2020.05.01"]
[Round "4"]
[White "Rosol, Alexander"]
[Black "Wadepfuhl, Jeremy"]
[Result "1-0"]
[WhiteElo "1783"]
[BlackElo "1620"]
[PlyCount "73"]
[EventDate "2020.05.01"]
[EventType "swiss (blitz)"]
[EventRounds "13"]
[EventCountry "GER"]
[SourceTitle "CBM 195 Extra"]
[Source "ChessBase"]
[SourceDate "2020.05.31"]
[SourceVersion "1"]
[SourceVersionDate "2020.05.31"]
[SourceQuality "1"]

1. e4 c6 2. d4 d5 3. e5 c5 4. dxc5 e6 5. c3 Bxc5 6. b4 Bb6 7. Nf3 Ne7 8. Bd3 a5 9. a3 Ng6 10. h4 axb4 11. cxb4 Nc6 12. Bb2 0-0 13. h5 Nf4 14. h6 Nxd3+ 15. Qxd3 g6 16. Nc3 Bd7 17. Rc1 Ne7 18. 0-0 Nf5 19. Ne2 Nxh6 20. Nf4 Nf5 21. g3 Nxg3 22. Kg2 Nf5 23. Rh1 Bc6 24. Rh3 d4 25. Rch1 h6 26. b5 Qg5+ 27. Kf1 Bxf3 28. Qxf3 Kg7 29. Nh5+ Kh8 30. Nf6 Bc7 31. Bxd4 Ra4 32. Be3 Nxe3+ 33. fxe3 h5 34. Rxh5+ gxh5 35. Rxh5+ Qxh5 36. Qxh5+ Kg7 37. Qh7# 1-0

[Event "GER-ch U18 sf Berlin Online"]
[Site "Playchess.com INT"]
[Date "2020.05.01"]
[Round "3"]
[White "Wadepfuhl, Jeremy"]
[Black "Bardorz, Jana"]
[Result "1-0"]
[WhiteElo "1620"]
[BlackElo "1770"]
[PlyCount "111"]
[EventDate "2020.05.01"]
[EventType "swiss (blitz)"]
[EventRounds "13"]
[EventCountry "GER"]
[SourceTitle "CBM 195 Extra"]
[Source "ChessBase"]
[SourceDate "2020.05.31"]
[SourceVersion "1"]
[SourceVersionDate "2020.05.31"]
[SourceQuality "1"]

1. b3 d5 2. Bb2 Nf6 3. e3 e6 4. Nf3 c5 5. d4 Nc6 6. Bb5 a6 7. Bxc6+ bxc6 8. Ne5 Qc7 9. 0-0 Bd6 10. f4 0-0 11. Nd2 a5 12. Ba3 cxd4 13. Bxd6 Qxd6 14. exd4 a4 15. c3 c5 16. Qc2 Bb7 17. Rfb1 a3 18. b4 cxd4 19. cxd4 Rfc8 20. Qd3 Rc7 21. Nb3 Ba6 22. b5 Bb7 23. Rc1 Rac8 24. h3 Rxc1+ 25. Rxc1 Rxc1+ 26. Nxc1 Qb4 27. Nb3 Qe1+ 28. Qf1 Qe3+ 29. Qf2 Qc3 30. Nc5 Ne4 31. Nxe4 dxe4 32. d5 exd5 33. Qb6 Qc1+ 34. Kh2 Qxf4+ 35. Kh1 Qf1+ 36. Kh2 Qf4+ 37. Kh1 Qc1+ 38. Kh2 Qc8 39. Nc6 Bxc6 40. bxc6 Kf8 41. Qb7 Qe8 42. Qb4+ Qe7 43. Qb8+ Qe8 44. Qd6+ Qe7 45. Qb8+ Qe8 46. c7 Ke7 47. Qxe8+ Kxe8 48. c8Q+ Ke7 49. Qc5+ Ke6 50. Qd4 f5 51. g3 g5 52. Kg2 f4 53. gxf4 gxf4 54. Kf2 e3+ 55. Kf3 h5 56. Qxf4 1-0

[Event "GER-ch U18 sf Berlin Online"]
[Site "Playchess.com INT"]
[Date "2020.05.01"]
[Round "9"]
[White "Wadepfuhl, Jeremy"]
[Black "Fock, Madiha"]
[Result "1-0"]
[WhiteElo "1620"]
[BlackElo "1749"]
[PlyCount "85"]
[EventDate "2020.05.01"]
[EventType "swiss (blitz)"]
[EventRounds "13"]
[EventCountry "GER"]
[SourceTitle "CBM 195 Extra"]
[Source "ChessBase"]
[SourceDate "2020.05.31"]
[SourceVersion "1"]
[SourceVersionDate "2020.05.31"]
[SourceQuality "1"]

1. b3 e5 2. Bb2 Nc6 3. e3 d5 4. Bb5 Bd6 5. f4 f6 6. Qh5+ g6 7. Qh4 Bd7 8. Nf3 e4 9. Bxc6 Bxc6 10. Nd4 Bd7 11. Nc3 c6 12. 0-0-0 Qc7 13. g4 f5 14. gxf5 gxf5 15. Qh5+ Ke7 16. Nxf5+ Bxf5 17. Qxf5 Nf6 18. Nb5 cxb5 19. Bxf6+ Ke8 20. Qe6+ Kf8 21. Bxh8 Ba3+ 22. Bb2 Bxb2+ 23. Kxb2 Re8 24. Qf5+ Qf7 25. Qxf7+ Kxf7 26. Rhg1 a5 27. Rg5 h6 28. Rxd5 Rg8 29. Rxb5 Ke6 30. Rxb7 Rg2 31. Rb6+ Kf5 32. Rxh6 Kg4 33. Rg6+ Kh3 34. Rxg2 Kxg2 35. d4 Kxh2 36. d5 Kg3 37. d6 Kg4 38. d7 Kf5 39. d8Q Kg6 40. Qd5 Kg7 41. Qe6 Kh8 42. Qf7 a4 43. Rh1# 1-0

[Event "GER-ch U18 sf Berlin Online"]
[Site "Playchess.com INT"]
[Date "2020.05.01"]
[Round "5"]
[White "Zhou, Lepu Coco"]
[Black "Wadepfuhl, Jeremy"]
[Result "0-1"]
[WhiteElo "1679"]
[BlackElo "1620"]
[PlyCount "110"]
[EventDate "2020.05.01"]
[EventType "swiss (blitz)"]
[EventRounds "13"]
[EventCountry "GER"]
[SourceTitle "CBM 195 Extra"]
[Source "ChessBase"]
[SourceDate "2020.05.31"]
[SourceVersion "1"]
[SourceVersionDate "2020.05.31"]
[SourceQuality "1"]

1. e4 c6 2. Nc3 d5 3. Nf3 Bg4 4. h3 Bh5 5. d4 e6 6. e5 c5 7. g4 Bg6 8. Bb5+ Nc6 9. 0-0 a6 10. Bd3 cxd4 11. Ne2 Bc5 12. Kg2 Nge7 13. Bxg6 hxg6 14. Nexd4 Nxd4 15. Nxd4 Bxd4 16. Qxd4 Nc6 17. Qe3 Qh4 18. f4 0-0 19. Qg3 Qxg3+ 20. Kxg3 b5 21. Be3 b4 22. Bc5 Rfc8 23. Bd6 a5 24. a3 Nd4 25. axb4 Nxc2 26. Rxa5 Ne3 27. Rxa8 Nxf1+ 28. Kf2 Rxa8 29. Kxf1 Ra7 30. Bc5 Rb7 31. Ke2 f6 32. Kd3 Kf7 33. Kc3 Ke8 34. Kb3 Kd7 35. Ka4 Kc6 36. Bd4 f5 37. Bc5 Rb8 38. Be7 Rh8 39. gxf5 gxf5 40. h4 Ra8+ 41. Kb3 g6 42. Bc5 Ra1 43. Kc3 Rh1 44. Be7 Kb5 45. Bg5 Re1 46. Be7 Re4 47. Bg5 Rxb4 48. b3 Re4 49. Bh6 Re3+ 50. Kc2 Rh3 51. Bg5 Kc5 52. Be7+ Kd4 53. Bg5 Rh2+ 54. Kb1 Kc3 55. b4 Kxb4 0-1

[Event "GER-chT U10"]
[Site "Magdeburg"]
[Date "2012.12.29"]
[Round "6.3"]
[White "Dittrich, Julius"]
[Black "Wadepfuhl, Jeremy"]
[Result "0-1"]
[WhiteElo "681"]
[BlackElo "803"]
[PlyCount "112"]
[EventDate "2012.12.27"]
[EventType "team-swiss"]
[EventRounds "7"]
[EventCountry "GER"]
[SourceTitle "EXT 2014"]
[Source "ChessBase"]
[SourceDate "2013.11.20"]
[SourceVersion "1"]
[SourceVersionDate "2013.11.20"]
[SourceQuality "1"]
[WhiteTeam "Breitenworbis II"]
[BlackTeam "Friedrichsfelde Borussia"]
[WhiteTeamCountry "GER"]
[BlackTeamCountry "GER"]

1. e4 e5 2. Nf3 Nc6 3. Nc3 Nf6 4. d3 Bb4 5. Bd2 d6 6. a3 Bxc3 7. Bxc3 Bg4 8. h3 Bh5 9. Be2 0-0 10. 0-0 Re8 11. Qd2 d5 12. exd5 Nxd5 13. Rae1 Nxc3 14. Qxc3 Bxf3 15. Bxf3 Nd4 16. Bxb7 Rb8 17. Bc6 Nxc6 18. Qxc6 Qd6 19. Qxd6 cxd6 20. b4 Rb5 21. c4 Rb6 22. d4 Rc6 23. c5 dxc5 24. bxc5 Rce6 25. d5 Ra6 26. Ra1 Rd8 27. d6 Ra5 28. Rfe1 Rxc5 29. Rad1 f6 30. d7 Kf7 31. Rd2 Ke7 32. Red1 Rc7 33. a4 Rcxd7 34. Rxd7+ Rxd7 35. Rxd7+ Kxd7 36. g4 Kc6 37. h4 Kc5 38. g5 fxg5 39. hxg5 Kb4 40. Kg2 Kxa4 41. Kf3 Kb4 42. Ke4 a5 43. Kxe5 a4 44. f4 a3 45. f5 a2 46. f6 gxf6+ 47. gxf6 a1Q+ 48. Ke6 Qa6+ 49. Ke7 Kc5 50. f7 Qd6+ 51. Ke8 h5 52. f8B Qxf8+ 53. Kxf8 h4 54. Kg7 h3 55. Kg6 h2 56. Kg5 h1Q 0-1